000 00614nam a2200193Ii 4500
003 JO-AjNU
008 230605s9999||||xx |||||||||||||| ||und||
040 _aJO-AjNU
_bara
_erda
_cJO-AjNU
041 _aara
050 1 4 _aRB112 1981
100 3 _aعمرو، محمود واخرون ,
_eauthor
_950421
245 0 0 _aالامراض والتمريض
264 3 1 _aعمان : وزارة التربية والتعليم ،1981
300 _a284ص
336 _atext
_btxt
_2rdacontent
337 _aunmediated
_bn
_2rdamedia
338 _avolume
_bnc
_2rdacarrier
650 4 _aالامراض والتمريض
_950422
999 _aA22210
_c25778
_d25778